000 00405nam a2200133Ia 4500
008 211119s9999||||xx |||||||||||||| ||und||
082 _a954.045
_bGAN-A
100 _aGandhi, M K
245 0 _aAudiobook: The Story of My Experiments With Truth - Autobiography
260 _bCharkha Audio Books
_aMumbai
_c1927
300 _a64p
650 _ahistory
_vgandhiEconomics
_xPGR-GANDHIAN STUDIES
942 _cBOOK
999 _c105933
_d105933